Zbierka daňových predpisov

Saved in:
Bibliographic Details
Main Author: Fekete, Imrich
Format: Book
Language:Slovak
Published: Bratislava Eurounion 1994
Edition:1. vyd.
Subjects:
Tags: Add Tag
No Tags, Be the first to tag this record!

MARC

LEADER 00000nam a2200000 4500
001 c005656
005 20230228102652.1
020 |a 80-85568-35-7 
041 0 |a slo 
044 |a SK 
245 1 0 |a Zbierka daňových predpisov  |c Imrich Fekete 
250 |a 1. vyd. 
264 1 |a Bratislava  |b Eurounion  |c 1994 
300 |a 228 s. 
610 2 0 |a zákony 
610 2 0 |a vyhlášky 
610 2 0 |a dane 
610 2 0 |a predpisy daňové 
610 2 0 |a poradenstvo 
610 2 0 |a právo medzinárodné 
610 2 0 |a 1992-1993 
610 2 0 |a Slovensko 
100 1 |a Fekete, Imrich